00449nam a22001457a 450000500170000000800410001702000140005804100130007208200150008510000290010024500690012926000460019830000350024465000240027920231101123730.0231101b |||||||| |||| 00| 0 eng d a070214813 aEnglish  a346.7 KRI  aKritzinger, KMlEnglish  aPrinciples of the Law of Mortgage, Pledge Lien /cKM Kritzinger  aCape Town : bJuta and Company Ltd,c1999 bxviii, 78 pages ; c25, 5 cm.  aLegal practicebLaw